Psychology : the science of mind and behaviour (Record no. 1683)

000 -LEADER
fixed length control field 00488nam a22001817a 4500
003 - CONTROL NUMBER IDENTIFIER
control field OSt
005 - DATE AND TIME OF LATEST TRANSACTION
control field 20150423092337.0
008 - FIXED-LENGTH DATA ELEMENTS--GENERAL INFORMATION
fixed length control field 150421b xxu||||| |||| 00| 0 eng d
020 ## - INTERNATIONAL STANDARD BOOK NUMBER
International Standard Book Number 9780340647622
040 ## - CATALOGING SOURCE
Original cataloging agency BF121 .G76 1998
100 ## - MAIN ENTRY--PERSONAL NAME
Personal name Gross, Richard
245 ## - TITLE STATEMENT
Title Psychology : the science of mind and behaviour
Statement of responsibility, etc Gross, Richard D.
250 ## - EDITION STATEMENT
Edition statement 3rd. ed.
260 ## - PUBLICATION, DISTRIBUTION, ETC. (IMPRINT)
Place of publication, distribution, etc London
Name of publisher, distributor, etc Hodder & Stoughton
Date of publication, distribution, etc 1996
300 ## - PHYSICAL DESCRIPTION
Extent xii,948p
Other physical details ill.
500 ## - GENERAL NOTE
General note includes index
942 ## - ADDED ENTRY ELEMENTS (KOHA)
Source of classification or shelving scheme
Koha item type Book
Holdings
Withdrawn status Lost status Source of classification or shelving scheme Damaged status Not for loan Home library Current library Shelving location Date acquired Total Checkouts Full call number Barcode Date last seen Date checked out Copy number Price effective from Koha item type
          Riara University Library Riara University Library General stack 21/04/2015 6 BF121 .G76 1996 5738/15 01/10/2018 25/09/2018 C.1 21/04/2015 Book

Riara University Library,
P.O. Box 49940-00100,
Nairobi, Kenya.